000 00690nam a2200205 i 4500
001 37943
003 ES-MaACL
005 20250728114021.0
007 t|
008 030224s1942 mx ||||1| spa d
100 1 _aCaillois, Roger.
_933463
245 1 3 _aEl hombre y lo sagrado /
_cRoger Caillois ; versión española de Juan José Domenchina.
250 _a1ª ed. española, amp.
260 _aMéxico :
_bFondo de Cultura Económica,
_c[1942] (
_fGráf. Panamericana)
300 _a189 p. ;
_c22 cm.
650 7 _aSociología de la religión
_2embne
_917209
700 1 _aDomenchina, Juan José,
_d1898-1959
_945067
852 _aES-MaACL
_jB-1601
_bR.29508
999 _c37943
_d37943